[Event "4NCL/Div2/SWD-BCCA"]
[Site "Rd5-Birmingham"]
[Date "2000.01.22"]
[Round "5.5"]
[White "Morris, Charles"]
[Black "Spence, David"]
[Result "1/2-1/2"]
[WhiteElo "2231"]
[BlackElo "2160"]
[PlyCount "81"]
[EventDate "2000.01.22"]
[Source "Britbase"]
[SourceDate "2000.01.01"]

1. c4 e6 2. Nf3 d5 3. g3 Nf6 4. Bg2 Be7 5. O-O O-O 6. b3 c5 7. Bb2 Nc6 8. d3 d4
9. Na3 e5 10. Nc2 Bf5 11. Nh4 Bg4 12. h3 Bh5 13. Nf5 Re8 14. g4 Bg6 15. e4 dxe3
16. fxe3 Bf8 17. e4 Nd4 18. Nce3 Rb8 19. Ng3 Nd7 20. Nd5 Nb6 21. Nf5 Nxd5 22.
cxd5 Bxf5 23. gxf5 Be7 24. Bc1 Bf6 25. Rf2 b6 26. Kh1 Kh8 27. Qh5 Rb7 28. Bf1
Rg8 29. Rg2 Qe7 30. Rb1 a5 31. Rbb2 Rd7 32. Rbf2 Rd6 33. Rg4 Rdd8 34. Be2 Rd6
35. Bd1 Rdd8 36. Rfg2 Nb5 37. Bd2 Nd4 38. Kh2 Nb5 39. Rg1 Nd4 40. Kh1 Nb5 41.
R1g2 1/2-1/2

[Event "4NCL/Div2/SWD-BCCA"]
[Site "Rd5-Birmingham"]
[Date "2000.01.22"]
[Round "5.6"]
[White "Hall, Richard"]
[Black "Saunders, John"]
[Result "1-0"]
[WhiteElo "2120"]
[BlackElo "2200"]
[PlyCount "111"]
[EventDate "2000.01.22"]
[Source "Britbase"]
[SourceDate "2000.01.01"]

1. e4 c6 2. d4 d5 3. exd5 cxd5 4. c4 Nf6 5. c5 b6 6. b4 a5 7. b5 bxc5 8. dxc5
e5 9. Ba3 Ne4 10. Qc1 Nd7 11. c6 Ndc5 12. f3 Qb6 13. fxe4 Nxe4 14. Qb2 Qe3+ 15.
Be2 Qf2+ 16. Kd1 Qxg2 17. Qxe5+ Be6 18. b6 Bxa3 19. b7 O-O 20. bxa8=Q Rxa8 21.
Nxa3 Rc8 22. c7 Qxh1 23. Kc2 Qg2 24. Nb5 Qf2 25. Kb2 Qb6 26. Rc1 f6 27. Qd4 Qb7
28. Ka1 Re8 29. Nf3 Bd7 30. Qa7 Qxa7 31. Nxa7 Ra8 32. Nc6 Kf7 33. Nfd4 Nd6 34.
Nb8 Bc8 35. Ndc6 Ne8 36. Nd8+ Kf8 37. Bf3 Nxc7 38. Rxc7 Rxb8 39. Bxd5 Bf5 40.
Ne6+ Bxe6 41. Bxe6 Rb6 42. Bb3 Rb4 43. Rf7+ Ke8 44. Rxg7 Rh4 45. Rg2 Ke7 46.
Rf2 a4 47. Bc2 h6 48. Kb2 Ke6 49. Ka3 Ke5 50. Bxa4 f5 51. Bc6 Rc4 52. Bb5 Rc7
53. Kb4 Ke4 54. a4 f4 55. a5 f3 56. a6 1-0

[Event "4NCL/Div2/SWD-BCCA"]
[Site "Rd5-Birmingham"]
[Date "2000.01.22"]
[Round "5.7"]
[White "Binks, Michael"]
[Black "Milnes, Anthony"]
[Result "1-0"]
[WhiteElo "2118"]
[BlackElo "2056"]
[PlyCount "99"]
[EventDate "2000.01.22"]
[Source "Britbase"]
[SourceDate "2000.01.01"]

1. e4 e6 2. d4 d5 3. exd5 exd5 4. Nf3 Bd6 5. Bd3 Nf6 6. Qe2+ Qe7 7. Qxe7+ Kxe7
8. Bg5 h6 9. Bh4 Re8 10. O-O g5 11. Bg3 Bxg3 12. fxg3 Ne4 13. Bxe4 dxe4 14.
Nfd2 Nc6 15. c3 f5 16. Na3 Bd7 17. Rae1 Kd8 18. Nac4 b5 19. Ne3 Ne7 20. Nb3 Rb8
21. Nc5 Bc8 22. b3 c6 23. c4 Kc7 24. d5 cxd5 25. cxd5 Kd6 26. b4 Ke5 27. Nd3+
Kd6 28. Nc5 Ke5 29. g4 f4 30. Nc2 e3 31. Nxe3 fxe3 32. Rxe3+ Kxd5 33. Rf7 Bxg4
34. Rfxe7 Rxe7 35. Rxe7 a5 36. h3 Bf5 37. Na6 Rc8 38. bxa5 Rc2 39. Nb4+ Kd6 40.
Nxc2 Kxe7 41. Nd4 Bc8 42. Nxb5 Kd7 43. Kf2 Bb7 44. g4 Bd5 45. a3 Kc8 46. Nd6+
Kb8 47. Nf5 Ka7 48. Nxh6 Ka6 49. Nf5 Kxa5 50. Nd4 1-0

[Event "4NCL/Div2/SWD-BCCA"]
[Site "Rd5-Birmingham"]
[Date "2000.01.22"]
[Round "5.8"]
[White "Khoo, Teresa"]
[Black "Cast, Abigail"]
[Result "0-1"]
[WhiteElo "1456"]
[BlackElo "2133"]
[PlyCount "116"]
[EventDate "2000.01.22"]
[Source "Britbase"]
[SourceDate "2000.01.01"]

1. e4 e6 2. d4 d5 3. Nc3 Nf6 4. e5 Nfd7 5. Nce2 c5 6. c3 Nc6 7. Nf3 Qb6 8. g3
cxd4 9. cxd4 f6 10. exf6 Nxf6 11. a3 Bd6 12. Bg2 O-O 13. O-O Na5 14. b4 Nc4 15.
Bf4 Bd7 16. Re1 Ne4 17. Qd3 Bb5 18. Qb3 Bxf4 19. Nxf4 g5 20. Nd3 g4 21. Nfe5
Qxd4 22. Nxg4 Ncd2 23. Qb2 Qxb2 24. Nxb2 h5 25. Ne5 Nb3 26. Rab1 Nc3 27. Bh3
Rf6 28. a4 Be8 29. Nbd3 Nxb1 30. Rxb1 Nd4 31. Nf4 Rc8 32. Rd1 Nf5 33. Nxe6 Bxa4
34. Rd2 Rc1+ 35. Kg2 Bb5 36. Nf4 Bf1+ 37. Kf3 Rc3+ 38. Ned3 Bxh3 39. Nxh3 Nd4+
40. Kg2 Nf3 41. Rd1 Rxd3 42. Rc1 Ne5 43. Rc8+ Rf8 44. Rc7 Rf7 45. Rc8+ Kg7 46.
Nf4 Rd2 47. Nxh5+ Kh7 48. Nf4 Ng4 49. Kf3 Nxh2+ 50. Ke3 Nf1+ 51. Kf3 d4 52. Re8
Nh2+ 53. Kg2 Ng4 54. Re6 Nxf2 55. Kf3 Nh3 56. Re5 Nxf4 57. gxf4 Rd1 58. Rh5+
Kg8 0-1

[Event "4NCL/Div2/WR-WIT"]
[Site "Rd5-Birmingham"]
[Date "2000.01.22"]
[Round "5.1"]
[White "Waters, Clive"]
[Black "Headlong, Tim"]
[Result "1/2-1/2"]
[WhiteElo "2180"]
[BlackElo "2261"]
[PlyCount "66"]
[EventDate "2000.01.22"]
[Source "Britbase"]
[SourceDate "2000.01.01"]

1. Nf3 d5 2. g3 Nf6 3. Bg2 c5 4. O-O Nc6 5. d3 e6 6. Nbd2 Be7 7. e4 Qc7 8. Re1
b6 9. c3 h6 10. a3 a5 11. a4 Ba6 12. Nb1 d4 13. Na3 e5 14. Nb5 Qd7 15. c4 g5
16. Rf1 O-O-O 17. Ne1 Rdg8 18. Qf3 Kd8 19. Kh1 Bc8 20. Qd1 h5 21. h3 Ne8 22. b3
f6 23. Ra2 Ng7 24. Kg1 Qe8 25. f3 Ne6 26. Rff2 Qg6 27. Bf1 Bd7 28. Rh2 Kc8 29.
Rag2 Kb7 30. f4 gxf4 31. gxf4 Qh7 32. f5 Ned8 33. Nf3 Be8 1/2-1/2

[Event "4NCL/Div2/WR-WIT"]
[Site "Rd5-Birmingham"]
[Date "2000.01.22"]
[Round "5.2"]
[White "Haydon, Richard"]
[Black "Barrett, Stephen"]
[Result "1/2-1/2"]
[WhiteElo "2176"]
[BlackElo "2234"]
[PlyCount "58"]
[EventDate "2000.01.22"]
[Source "Britbase"]
[SourceDate "2000.01.01"]

1. g3 Nf6 2. Bg2 g6 3. e4 d6 4. d4 Bg7 5. Nc3 O-O 6. Nge2 c6 7. O-O e5 8. h3
Nbd7 9. a4 Re8 10. Be3 Qe7 11. a5 exd4 12. Nxd4 Nc5 13. Re1 Ncxe4 14. Nxe4 Nxe4
15. Bxe4 Qxe4 16. Bd2 Bg4 17. Rxe4 Bxd1 18. Rxe8+ Rxe8 19. Nxc6 bxc6 20. Rxd1
d5 21. b3 a6 22. Re1 Rxe1+ 23. Bxe1 f5 24. Kf1 Kf7 25. Ke2 Ke6 26. Kd3 Bf8 27.
Bc3 Bd6 28. Bd2 Bc5 29. f3 h5 1/2-1/2

[Event "4NCL/Div2/WR-WIT"]
[Site "Rd5-Birmingham"]
[Date "2000.01.22"]
[Round "5.3"]
[White "Burnett, Jim"]
[Black "Rose, Matthew"]
[Result "1/2-1/2"]
[WhiteElo "2215"]
[BlackElo "2153"]
[PlyCount "28"]
[EventDate "2000.01.22"]
[Source "Britbase"]
[SourceDate "2000.01.01"]

1. Nf3 Nf6 2. g3 g6 3. Bg2 Bg7 4. c4 d6 5. d4 O-O 6. O-O c6 7. Nc3 Qa5 8. e4
Bg4 9. h3 Bxf3 10. Bxf3 Nfd7 11. Be3 Qb4 12. Qb3 a5 13. Rad1 Na6 14. Be2 Qxb3
1/2-1/2

[Event "4NCL/Div2/WR-WIT"]
[Site "Rd5-Birmingham"]
[Date "2000.01.22"]
[Round "5.4"]
[White "Dickinson, Tim"]
[Black "Townsend, Paul"]
[Result "1/2-1/2"]
[WhiteElo "2176"]
[BlackElo "2224"]
[PlyCount "48"]
[EventDate "2000.01.22"]
[Source "Britbase"]
[SourceDate "2000.01.01"]

1. e4 g6 2. d4 Bg7 3. c4 d6 4. Nc3 e5 5. Nf3 exd4 6. Nxd4 Nc6 7. Be3 Nge7 8.
Nxc6 Nxc6 9. Be2 O-O 10. O-O Re8 11. f3 f5 12. c5 dxc5 13. Bxc5 Nd4 14. Bc4+
Be6 15. Bd5 Bxd5 16. exd5 Qf6 17. Qd3 b6 18. Ba3 c5 19. Rae1 Qd6 20. b3 Be5 21.
g3 Bxg3 22. Rxe8+ Rxe8 23. hxg3 Qxg3+ 24. Kh1 Qh3+ 1/2-1/2

[Event "4NCL/Div2/WR-WIT"]
[Site "Rd5-Birmingham"]
[Date "2000.01.22"]
[Round "5.5"]
[White "Jones, Gawain"]
[Black "Wittmann, Jochen"]
[Result "1/2-1/2"]
[WhiteElo "2160"]
[BlackElo "2072"]
[PlyCount "34"]
[EventDate "2000.01.22"]
[Source "Britbase"]
[SourceDate "2000.01.01"]

1. e4 e5 2. Bc4 Nf6 3. d3 Nc6 4. Nf3 Be7 5. O-O O-O 6. c3 d5 7. exd5 Nxd5 8.
Re1 Nb6 9. Bb5 f6 10. Bxc6 bxc6 11. d4 Bd6 12. dxe5 fxe5 13. Nbd2 Bg4 14. Qe2
Qd7 15. h3 Bh5 16. c4 Rae8 17. Qf1 e4 1/2-1/2

[Event "4NCL/Div2/WR-WIT"]
[Site "Rd5-Birmingham"]
[Date "2000.01.22"]
[Round "5.6"]
[White "Bourne, Jonathan"]
[Black "Keeling, Geoff"]
[Result "1/2-1/2"]
[WhiteElo "2064"]
[BlackElo "2075"]
[PlyCount "91"]
[EventDate "2000.01.22"]
[Source "Britbase"]
[SourceDate "2000.01.01"]

1. Nf3 Nc6 2. c4 e5 3. d3 Nf6 4. Nc3 d6 5. e3 g6 6. Be2 Bg7 7. Bd2 O-O 8. Rb1
h6 9. b4 Be6 10. O-O Ne7 11. Qc2 g5 12. d4 e4 13. Nxe4 Nxe4 14. Qxe4 Bf5 15.
Qxb7 Bxb1 16. Rxb1 Qd7 17. Qe4 Rae8 18. d5 Ng6 19. Qd3 g4 20. Nd4 Re5 21. Bc3
Rg5 22. f4 gxf3 23. Nxf3 Rh5 24. Bxg7 Kxg7 25. Rf1 Re8 26. Nd4 Rhe5 27. Nf5+
Kh7 28. Bg4 Qd8 29. h4 Kh8 30. Nxh6 Qxh4 31. Nxf7+ Kg7 32. Nxe5 Nxe5 33. Qd4
Qxg4 34. Rf4 Qg6 35. Qxa7 Qb1+ 36. Rf1 Qxb4 37. Qxc7+ Kg8 38. a4 Qxa4 39. Qxd6
Qxc4 40. Qf6 Qe4 41. Qg5+ Qg6 42. Qxg6+ Nxg6 43. Kf2 Kf7 44. Ke2+ Ke7 45. Kd3
Ra8 46. Rd1 1/2-1/2

[Event "4NCL/Div2/WR-WIT"]
[Site "Rd5-Birmingham"]
[Date "2000.01.22"]
[Round "5.7"]
[White "Mitchell, Gareth"]
[Black "Elliott, Sean"]
[Result "1/2-1/2"]
[WhiteElo "1568"]
[BlackElo "2000"]
[PlyCount "41"]
[EventDate "2000.01.22"]
[Source "Britbase"]
[SourceDate "2000.01.01"]

1. e4 c5 2. Nf3 d6 3. Bb5+ Bd7 4. Bxd7+ Nxd7 5. O-O Ngf6 6. Re1 e6 7. c3 Be7 8.
d4 O-O 9. e5 Ne8 10. Bf4 d5 11. dxc5 Nxc5 12. Qc2 Rc8 13. Nbd2 h6 14. h3 b5 15.
Rac1 a6 16. Nb3 Nc7 17. Be3 Na8 18. Nxc5 Bxc5 19. Bxc5 Rxc5 20. Qd3 Nb6 21. Nd4
1/2-1/2

[Event "4NCL/Div2/WR-WIT"]
[Site "Rd5-Birmingham"]
[Date "2000.01.22"]
[Round "5.8"]
[White "Smith, Lucy"]
[Black "Barnes, Lara"]
[Result "1-0"]
[WhiteElo "1680"]
[BlackElo "1640"]
[PlyCount "33"]
[EventDate "2000.01.22"]
[Source "Britbase"]
[SourceDate "2000.01.01"]

1. d4 Nf6 2. c4 g6 3. Nc3 d5 4. Bg5 Bg7 5. Bxf6 Bxf6 6. Nxd5 Bg7 7. e3 O-O 8.
Nf3 c5 9. Qd2 cxd4 10. Nxd4 Nc6 11. Rd1 Ne5 12. Qb4 Re8 13. Nb5 Bd7 14. Nbc7
Nc6 15. Qd2 e6 16. Nxe8 exd5 17. Nxg7 1-0

[Event "4NCL/Div2/BAR2-PER"]
[Site "Rd6-Birmingham"]
[Date "2000.01.23"]
[Round "6.1"]
[White "Duncan, Chris"]
[Black "Hunt, Adam"]
[Result "1/2-1/2"]
[WhiteElo "2302"]
[BlackElo "2388"]
[PlyCount "25"]
[EventDate "2000.01.23"]
[Source "Britbase"]
[SourceDate "2000.01.01"]

1. c4 g6 2. e4 c5 3. Nf3 Bg7 4. d4 cxd4 5. Nxd4 Nc6 6. Be3 Nf6 7. Nc3 Ng4 8.
Qxg4 Nxd4 9. Qd1 Nc6 10. Qd2 O-O 11. Be2 d6 12. O-O Be6 13. Rac1 1/2-1/2

[Event "4NCL/Div2/BAR2-PER"]
[Site "Rd6-Birmingham"]
[Date "2000.01.23"]
[Round "6.2"]
[White "Taylor, Martin"]
[Black "Mack, Andrew"]
[Result "1-0"]
[WhiteElo "2159"]
[BlackElo "2280"]
[PlyCount "95"]
[EventDate "2000.01.23"]
[Source "Britbase"]
[SourceDate "2000.01.01"]

1. c4 g6 2. g3 Bg7 3. Bg2 d6 4. Nc3 e5 5. e4 Nf6 6. Nge2 O-O 7. O-O Nc6 8. f4
Ne8 9. f5 Nd4 10. Nxd4 exd4 11. Ne2 c6 12. d3 Qb6 13. g4 f6 14. h4 Bd7 15. Ng3
Rf7 16. Rf2 Nc7 17. Bf4 Bf8 18. Kh2 Be7 19. Qd2 Na6 20. Bh3 Qd8 21. g5 Kh8 22.
gxf6 Bxf6 23. h5 gxf5 24. Nxf5 Bxf5 25. Bxf5 Be5 26. Kh3 Qe7 27. Rg1 Nc5 28.
Bg5 Bf6 29. Rfg2 Bxg5 30. Rxg5 Ne6 31. R5g4 Rg7 32. Qh6 Rxg4 33. Rxg4 Nf8 34.
Qg5 Qxg5 35. Rxg5 Re8 36. Kg3 Re5 37. Kf4 h6 38. Rg2 b5 39. b3 bxc4 40. bxc4
Ne6+ 41. Bxe6 Rxe6 42. Kf5 Re5+ 43. Kg6 d5 44. exd5 cxd5 45. c5 Re6+ 46. Kf7
Rc6 47. Rc2 Kh7 48. Ke7 1-0

[Event "4NCL/Div2/BAR2-PER"]
[Site "Rd6-Birmingham"]
[Date "2000.01.23"]
[Round "6.3"]
[White "D'Costa, Lorin"]
[Black "Rendle, Thomas"]
[Result "1-0"]
[WhiteElo "2215"]
[BlackElo "2108"]
[PlyCount "81"]
[EventDate "2000.01.23"]
[Source "Britbase"]
[SourceDate "2000.01.01"]

1. b3 e6 2. Bb2 Nf6 3. g3 c5 4. c4 Nc6 5. Bg2 Be7 6. Nf3 O-O 7. O-O d5 8. cxd5
Nxd5 9. Nc3 Bf6 10. Qc2 Ndb4 11. Qc1 Nd4 12. Nxd4 cxd4 13. Ne4 Be7 14. a3 Nc6
15. d3 Qb6 16. Qc2 Bd7 17. Bc1 Rac8 18. Qb2 Rc7 19. Nd2 a5 20. Nc4 Qc5 21. Bd2
a4 22. bxa4 Na7 23. Bb4 Qg5 24. Bxe7 Qxe7 25. Qxd4 Nc6 26. Qb6 Bc8 27. a5 Nb8
28. Rfb1 Rd8 29. Qb4 Qg5 30. Nd6 Na6 31. Qb6 Rc6 32. Bxc6 Rxd6 33. Qb5 Nc5 34.
Bg2 Bd7 35. Qb4 Qe5 36. Bxb7 Rd4 37. Qb6 Be8 38. Bf3 Nd7 39. Qd8 Nf6 40. Qa8 g5
41. Bc6 1-0

[Event "4NCL/Div2/BAR2-PER"]
[Site "Rd6-Birmingham"]
[Date "2000.01.23"]
[Round "6.4"]
[White "Hodge, David"]
[Black "Twyble, Michael"]
[Result "1/2-1/2"]
[WhiteElo "2117"]
[BlackElo "2214"]
[PlyCount "39"]
[EventDate "2000.01.23"]
[Source "Britbase"]
[SourceDate "2000.01.01"]

1. e4 e5 2. Nf3 Nc6 3. Bc4 Bc5 4. b4 Bxb4 5. c3 Ba5 6. d4 d6 7. Qb3 Qd7 8. dxe5
Bb6 9. O-O Na5 10. Qb4 Nxc4 11. Qxc4 dxe5 12. Nxe5 Qe6 13. Bf4 Nf6 14. Rd1 Nh5
15. Qb5+ c6 16. Nxc6 Qxc6 17. Qxh5 O-O 18. Qf3 Be6 19. Nd2 Rad8 20. Qg3 1/2-1/2

[Event "4NCL/Div2/BAR2-PER"]
[Site "Rd6-Birmingham"]
[Date "2000.01.23"]
[Round "6.5"]
[White "Moore, John"]
[Black "Frost, Nick"]
[Result "1/2-1/2"]
[WhiteElo "2148"]
[BlackElo "2109"]
[PlyCount "29"]
[EventDate "2000.01.23"]
[Source "Britbase"]
[SourceDate "2000.01.01"]

1. e4 e6 2. d4 d5 3. Nc3 Nf6 4. Bg5 Be7 5. e5 Nfd7 6. Bxe7 Qxe7 7. f4 a6 8. Nf3
b6 9. Bd3 c5 10. dxc5 bxc5 11. O-O Nc6 12. Kh1 f5 13. exf6 Nxf6 14. Ne5 Qd6 15.
Qe1 1/2-1/2

[Event "4NCL/Div2/BAR2-PER"]
[Site "Rd6-Birmingham"]
[Date "2000.01.23"]
[Round "6.6"]
[White "Trent, Lawrence"]
[Black "Flower, David"]
[Result "0-1"]
[WhiteElo "2188"]
[BlackElo "2081"]
[PlyCount "78"]
[EventDate "2000.01.23"]
[Source "Britbase"]
[SourceDate "2000.01.01"]

1. e4 d6 2. Nc3 g6 3. f4 Bg7 4. Nf3 a6 5. a4 e6 6. Bc4 Ne7 7. O-O O-O 8. d3 d5
9. Ba2 c5 10. Qe1 Nbc6 11. Qh4 Nb4 12. f5 exf5 13. e5 Nxa2 14. Rxa2 d4 15. Bg5
Re8 16. Ne2 Be6 17. Raa1 Qd7 18. Bh6 Nd5 19. Nf4 Nxf4 20. Qxf4 Bd5 21. Rae1 Re6
22. Bxg7 Kxg7 23. Qh4 Bxf3 24. Rxf3 Rae8 25. Rh3 h5 26. Qg3 Rh8 27. Qf4 Qxa4
28. Rg3 Kf8 29. b3 Qd7 30. h4 Qe7 31. Qf3 Qxh4 32. Ra1 Qe7 33. Re1 Qc7 34. Qf4
Qc6 35. Qg5 Ke8 36. Rh3 Rf8 37. Qh6 Qc7 38. Qg7 Qe7 39. Kh2 Kd8 0-1

[Event "4NCL/Div2/BAR2-PER"]
[Site "Rd6-Birmingham"]
[Date "2000.01.23"]
[Round "6.7"]
[White "Kieran, Rosalind"]
[Black "Levermore, Peter"]
[Result "1-0"]
[WhiteElo "2085"]
[BlackElo "2081"]
[PlyCount "83"]
[EventDate "2000.01.23"]
[Source "Britbase"]
[SourceDate "2000.01.01"]

1. e4 c6 2. d4 d5 3. Nc3 dxe4 4. Nxe4 Bf5 5. Ng3 Bg6 6. h4 h6 7. Nf3 Nd7 8. h5
Bh7 9. Bd3 Bxd3 10. Qxd3 Qc7 11. Bd2 e6 12. O-O-O O-O-O 13. Qe2 Ngf6 14. Ne4
Nxe4 15. Qxe4 Nf6 16. Qe2 Bd6 17. g3 Rhe8 18. Rde1 c5 19. dxc5 Qxc5 20. Rh4 Kb8
21. Rd1 Nd5 22. Rc4 Qb6 23. Ra4 Rc8 24. Nd4 Qc5 25. Be1 a6 26. Kb1 Qc7 27. Ba5
Qd7 28. Rc4 Rxc4 29. Qxc4 Rc8 30. Qb3 Bc7 31. Bxc7+ Qxc7 32. Qd3 Nf6 33. Qe2
Rd8 34. c3 Rd5 35. g4 Qd7 36. Rc1 e5 37. Nf5 Nxh5 38. c4 Nf4 39. Qe3 Ra5 40. b4
Ra4 41. Qxe5+ Qc7 42. Qe8+ 1-0

[Event "4NCL/Div2/BAR2-PER"]
[Site "Rd6-Birmingham"]
[Date "2000.01.23"]
[Round "6.8"]
[White "Gilbert, Jessie"]
[Black "Swindells, Jonathan"]
[Result "1/2-1/2"]
[WhiteElo "2050"]
[BlackElo "1912"]
[PlyCount "64"]
[EventDate "2000.01.23"]
[Source "Britbase"]
[SourceDate "2000.01.01"]

1. d4 Nf6 2. c4 g6 3. Nc3 Bg7 4. e4 d6 5. f3 O-O 6. Be3 e5 7. d5 c6 8. Qd2 a6
9. Bd3 cxd5 10. cxd5 Nbd7 11. Nge2 b5 12. g4 Nc5 13. Bc2 b4 14. Na4 Qa5 15. a3
Rb8 16. axb4 Qxb4 17. Qxb4 Rxb4 18. Nxc5 Rxb2 19. O-O-O Rxc2+ 20. Kxc2 dxc5 21.
Bxc5 Re8 22. Ra1 Bxg4 23. fxg4 Rc8 24. Kd3 Rxc5 25. h3 a5 26. Ra4 Nd7 27. Nc3
Nb6 28. Ra2 f5 29. gxf5 gxf5 30. exf5 Nxd5 31. Nxd5 Rxd5+ 32. Kc4 Rd4+ 1/2-1/2

[Event "4NCL/Div2/BCCA-IKHH2"]
[Site "Rd6-Birmingham"]
[Date "2000.01.23"]
[Round "6.1"]
[White "Stephenson, F Norman"]
[Black "Farndon, David"]
[Result "1/2-1/2"]
[WhiteElo "2221"]
[BlackElo "2253"]
[PlyCount "62"]
[EventDate "2000.01.23"]
[Source "Britbase"]
[SourceDate "2000.01.01"]

1. d4 d5 2. c4 c6 3. Nc3 dxc4 4. e4 b5 5. a4 b4 6. Na2 Nf6 7. e5 Nd5 8. Bxc4 e6
9. Nf3 a5 10. O-O Be7 11. Qe2 Ba6 12. Be3 O-O 13. Rac1 Qb6 14. Nd2 Nd7 15. Ne4
Bxc4 16. Rxc4 Rac8 17. Bg5 Bxg5 18. Nxg5 h6 19. Ne4 Qa6 20. Nc5 Nxc5 21. dxc5
Rcd8 22. Nc1 Rd7 23. g3 Rfd8 24. Nb3 Ne7 25. Re1 Nf5 26. g4 Nh4 27. Rec1 Rd3
28. Re4 Qa7 29. Re3 R3d5 30. f4 Ng6 31. Rf1 Re8 1/2-1/2

[Event "4NCL/Div2/BCCA-IKHH2"]
[Site "Rd6-Birmingham"]
[Date "2000.01.23"]
[Round "6.2"]
[White "Hassabis, Demis"]
[Black "Toothill, John"]
[Result "1/2-1/2"]
[WhiteElo "2235"]
[BlackElo "2226"]
[PlyCount "27"]
[EventDate "2000.01.23"]
[Source "Britbase"]
[SourceDate "2000.01.01"]

1. c4 e5 2. Nc3 Nf6 3. g3 Bb4 4. Qc2 O-O 5. Bg2 c6 6. a3 Bxc3 7. Qxc3 Re8 8. d3
h6 9. e4 d5 10. Ne2 Nbd7 11. O-O dxe4 12. dxe4 Nc5 13. Qc2 Qd3 14. Qxd3 1/2-1/2

[Event "4NCL/Div2/BCCA-IKHH2"]
[Site "Rd6-Birmingham"]
[Date "2000.01.23"]
[Round "6.3"]
[White "Spence, David"]
[Black "Cooper, Andrew G"]
[Result "1-0"]
[WhiteElo "2160"]
[BlackElo "2132"]
[PlyCount "55"]
[EventDate "2000.01.23"]
[Source "Britbase"]
[SourceDate "2000.01.01"]

1. e4 e6 2. d4 d5 3. Nc3 Bb4 4. e5 c5 5. Bd2 Ne7 6. a3 Bxc3 7. Bxc3 Nbc6 8. Nf3
cxd4 9. Nxd4 O-O 10. f4 b6 11. Bd3 Nxd4 12. Bxd4 Nc6 13. c3 a5 14. Qc2 f5 15.
exf6 Nxd4 16. Bxh7+ Kh8 17. fxg7+ Kxg7 18. Qg6+ Kh8 19. Qh6 Ra7 20. Bd3+ Kg8
21. cxd4 Rg7 22. O-O Rff7 23. Rf3 e5 24. dxe5 Qf8 25. Bg6 Rc7 26. f5 Bxf5 27.
Rxf5 Qc5+ 28. Kh1 1-0

[Event "4NCL/Div2/BCCA-IKHH2"]
[Site "Rd6-Birmingham"]
[Date "2000.01.23"]
[Round "6.4"]
[White "Wade, Robert"]
[Black "Wise, David"]
[Result "1-0"]
[WhiteElo "2204"]
[BlackElo "2145"]
[PlyCount "135"]
[EventDate "2000.01.23"]
[Source "Britbase"]
[SourceDate "2000.01.01"]

1. e4 c5 2. g3 d5 3. exd5 Qxd5 4. Nf3 Bg4 5. Bg2 Qe6+ 6. Kf1 Nc6 7. h3 Bh5 8.
d3 Qd7 9. Nc3 e6 10. Bf4 Nf6 11. g4 Bg6 12. Ne5 Nxe5 13. Bxe5 Bd6 14. Bxf6 gxf6
15. Qf3 O-O-O 16. Ne4 Bxe4 17. Qxe4 f5 18. Qf3 Rhg8 19. gxf5 Rg5 20. fxe6 fxe6
21. Qe3 Rdg8 22. Be4 Qf7 23. Ke2 Kb8 24. Raf1 Qf6 25. c3 Bf4 26. Qf3 R5g7 27.
Qh5 Qe7 28. h4 Qd6 29. Kd1 c4 30. Kc2 Qa6 31. Kb1 e5 32. Bd5 Rc8 33. dxc4 Qb6
34. Qe2 a5 35. Rhg1 Rgc7 36. Qc2 Qf6 37. h5 Qb6 38. Rg8 Rxg8 39. Bxg8 Rg7 40.
Bd5 Qd6 41. Qa4 Qb6 42. Be4 h6 43. a3 Rg8 44. Ka2 Rd8 45. Bd5 Bd2 46. Rd1 Bf4
47. f3 Be3 48. Be4 Rxd1 49. Qxd1 Qc5 50. Qd8+ Ka7 51. Bd5 Qb6 52. Qxb6+ Kxb6
53. b4 axb4 54. cxb4 Kc7 55. Kb3 b6 56. Be4 Bc1 57. a4 Bd2 58. c5 bxc5 59. bxc5
Be3 60. Kc4 Bf2 61. Kb5 Kb8 62. a5 Bh4 63. a6 Ka7 64. Bb7 Kb8 65. Be4 Bd8 66.
Kc6 Ba5 67. Kd7 Bb6 68. c6 1-0

[Event "4NCL/Div2/BCCA-IKHH2"]
[Site "Rd6-Birmingham"]
[Date "2000.01.23"]
[Round "6.5"]
[White "Hall, Richard"]
[Black "Gurr, Lyndon"]
[Result "1-0"]
[WhiteElo "2120"]
[BlackElo "2048"]
[PlyCount "131"]
[EventDate "2000.01.23"]
[Source "Britbase"]
[SourceDate "2000.01.01"]

1. e4 e6 2. d4 d5 3. e5 c5 4. c3 Nc6 5. Nf3 Qb6 6. a3 c4 7. Be2 Bd7 8. Nbd2 Na5
9. Rb1 Nb3 10. Nxb3 Ba4 11. Bf4 Bxb3 12. Qd2 Ne7 13. Bd1 Nc6 14. h4 Be7 15. h5
h6 16. g4 O-O-O 17. g5 hxg5 18. Bxg5 f6 19. exf6 gxf6 20. Be3 Rdg8 21. Ke2 Rg7
22. h6 Rg4 23. Bc2 Bf8 24. Rbg1 Rxg1 25. Nxg1 Ne7 26. Bb1 Ba4 27. Nf3 Be8 28.
Kd1 Qc6 29. Kc1 Kb8 30. Bf4+ Ka8 31. Nh2 e5 32. dxe5 d4 33. Re1 fxe5 34. Be4
Qb6 35. Bxe5 Bxh6 36. f4 dxc3 37. Qxc3 Rf8 38. Qxc4 Bf7 39. Qd3 Rc8+ 40. Kb1
Qe6 41. b3 Qxb3+ 42. Qxb3 Bxb3 43. Ng4 Bf8 44. Bd6 Nd5 45. Bxf8 Rxf8 46. Kb2
Bc4 47. Ne5 Nb6 48. Kc3 Bg8 49. f5 Nd5+ 50. Bxd5 Bxd5 51. Ng6 Rc8+ 52. Kd4 Bb3
53. f6 a5 54. Re7 Rc6 55. Ke5 Ka7 56. Nf8 Rc1 57. Ne6 Re1+ 58. Kd6 Rd1+ 59. Kc7
Rf1 60. Nc5 a4 61. Nd7 Ka6 62. Re5 b5 63. Nb8+ Ka5 64. Nc6+ Ka6 65. Re8 b4 66.
Rb8 1-0

[Event "4NCL/Div2/BCCA-IKHH2"]
[Site "Rd6-Birmingham"]
[Date "2000.01.23"]
[Round "6.6"]
[White "Lock, Gavin"]
[Black "Donnelly, Martin"]
[Result "1/2-1/2"]
[WhiteElo "2079"]
[BlackElo "2016"]
[PlyCount "49"]
[EventDate "2000.01.23"]
[Source "Britbase"]
[SourceDate "2000.01.01"]

1. d4 Nf6 2. Nf3 c5 3. d5 d6 4. Nc3 g6 5. e4 Bg7 6. Bb5+ Bd7 7. a4 O-O 8. O-O
Na6 9. Re1 Nc7 10. Bf1 a6 11. Bg5 Bg4 12. h3 Bxf3 13. Qxf3 Nd7 14. Kh1 Rb8 15.
Rab1 b5 16. axb5 Nxb5 17. Nxb5 axb5 18. b4 c4 19. Bd2 Qb6 20. c3 Qb7 21. Ra1
Ra8 22. Bg5 Nb6 23. Kg1 Ra4 24. Rxa4 Nxa4 25. Bd2 1/2-1/2

[Event "4NCL/Div2/BCCA-IKHH2"]
[Site "Rd6-Birmingham"]
[Date "2000.01.23"]
[Round "6.7"]
[White "Milnes, Anthony"]
[Black "Garner, David"]
[Result "0-1"]
[WhiteElo "2056"]
[BlackElo "2123"]
[PlyCount "100"]
[EventDate "2000.01.23"]
[Source "Britbase"]
[SourceDate "2000.01.01"]

1. e4 e6 2. d4 d5 3. e5 c5 4. c3 Nc6 5. Nf3 Bd7 6. Be2 Qb6 7. O-O Nge7 8. Na3
cxd4 9. cxd4 Nf5 10. Nc2 Be7 11. b3 h5 12. Bb2 g5 13. Nfe1 g4 14. g3 f6 15. Ng2
O-O-O 16. Nf4 Rh6 17. Kg2 Kb8 18. Qd2 fxe5 19. dxe5 Bg5 20. Rh1 d4 21. h4 gxh3+
22. Rxh3 Nxe5 23. Kf1 Bb5 24. Rd1 Nc6 25. Bd3 e5 26. Qe2 Bxd3 27. Nxd3 Qb5 28.
Ncb4 Nxb4 29. Nxb4 Ne3+ 30. fxe3 Rf8+ 31. Ke1 Qxb4+ 32. Qd2 Qxd2+ 33. Rxd2 Bxe3
34. Rdh2 Rhf6 35. Ba3 R8f7 36. Rxh5 d3 37. Rh1 Bd4 38. Bc1 e4 39. Bf4+ Kc8 40.
Kd2 Rc6 41. R1h2 Rc2+ 42. Kd1 Rxh2 43. Rxh2 e3 44. Rh1 Re7 45. Re1 Bc5 46. a4
Kd7 47. g4 Kc6 48. b4 Bd4 49. a5 Kd5 50. Rh1 Bc3 0-1